000 00429nam a2200145Ia 4500
008 210210b1987 xxu||||| |||| 00| 0 eng d
082 _a001.6 KAPI
100 _aKAPOOR (V K).
245 _aIntroduction to computer data processing systems analysis (including management information systems).
250 _a
260 _aNew Delhi
_bSultan Chand & Sons
_c1987
300 _avii,
690 _aComputer Science
906 _a043952
999 _c93618
_d93618